000
00257nam a22000857a 4500
008
160708b xxu||||| |||| 00| 0 eng d
100
_9
2432
_a
Abruscatp, J., et al
245
_a
Teacher's Edition: Holt Elementary Science
260
_a
New York
_b
Holt,Rinehart
_c
1980
999
_c
2106
_d
2106